Lil Uzi Vert vs. the World Tracklist (Lil Uzi Vert) - Statistics

General Stats
  • This quiz has been taken 36 times
  • The average score is 7 of 9
Answer Stats
Hint Answer % Correct
3 Money Longer
86%
5 You Was Right
82%
1 Canadian Goose
79%
9 Scott And Ramona
75%
7 Ps & Qs
71%
4 Grab The Wheel
68%
2 Hi Roller
68%
6 Baby Are You Home
64%
8 Team Rocket
64%
No matching quizzes found
Score Distribution
Percent of People with Each Score
Percentile by Number Answered
Your Score History
You have not taken this quiz